Tin học văn phòng Microsoft office 2013 dành cho người bắt đầu Microsoft : word, Powerpoint,excel, visio
Kaydedildi:
| Yazar: | |
|---|---|
| Diğer Yazarlar: | |
| Materyal Türü: | Kitap |
| Baskı/Yayın Bilgisi: |
Hà Nội
Thanh niên
2016
|
| Konular: | |
| Etiketler: |
Etiketle
Etiket eklenmemiş, İlk siz ekleyin!
|
| Thư viện lưu trữ: | Trung tâm Học liệu Lê Vũ Hùng, Trường Đại học Đồng Tháp |
|---|
| LEADER | 00787pam a22002298a 4500 | ||
|---|---|---|---|
| 001 | 00040414 | ||
| 005 | 20171128091100.0 | ||
| 008 | 170523s2016 ||||||Viesd | ||
| 020 | # | # | |c 85000 |
| 041 | 0 | # | |a Vie |
| 082 | 1 | 4 | |b T311H |a 005.5 |
| 100 | 1 | # | |a Phạm ,Quang Huy |
| 245 | 1 | 0 | |a Tin học văn phòng Microsoft office 2013 dành cho người bắt đầu |c Phạm Quang Huy; Trần Tường Thụy |b Microsoft : word, Powerpoint,excel, visio |
| 260 | # | # | |a Hà Nội |b Thanh niên |c 2016 |
| 300 | # | # | |a 251 tr. |c 24 cm. |
| 653 | # | # | |a excel |
| 653 | # | # | |a tin học |
| 653 | # | # | |a tự học |
| 700 | 1 | # | |a Trần, Tường Thụy |
| 852 | # | # | |j KD.0022524 |
| 910 | |d 28/11/2017 | ||
| 980 | # | # | |a Trung tâm Học liệu Lê Vũ Hùng, Trường Đại học Đồng Tháp |